000
00231nam a22001097a 4500
008
180806b xxu||||| |||| 00| 0 eng d
082
_a
813.52
245
_a
Biology
_c
Campbell
300
_a
1
_f
CD
760
_b
7th
942
_2
ddc
_c
MX
999
_c
46848
_d
46848